Culture shock! : Denmark.
| Main Author: | |
|---|---|
| Format: | Book |
| Published: |
Singapore:
Times Boook International,
2003.
|
| Series: | Culture shock!
|
| Subjects: |
| LEADER | 00563cam a2200193 7i4500 | ||
|---|---|---|---|
| 001 | 0000014753 | ||
| 005 | 20041210090000.0 | ||
| 020 | 0 | 0 | |a 981-232-719-3 |
| 090 | 0 | 0 | |a DENM 306.9489 |b STR |
| 100 | 1 | 0 | |a Strange |
| 245 | 0 | 0 | |a Culture shock! : |b Denmark. |
| 260 | 0 | 0 | |a Singapore: |b Times Boook International, |c 2003. |
| 300 | # | # | |a 224 p.. |
| 440 | 0 | 0 | |a Culture shock! |
| 650 | 0 | 0 | |a Etiquette -- |z Denmark |
| 650 | 0 | 0 | |a Denmark -- |x Social life and customs |
| 650 | 0 | 0 | |a Culture -- |z Denmark |
| 651 | 0 | 0 | |a Denmark |
| 999 | |a B000016608 |b Book |c Countries |e Business Information Centre | ||


